000 00313nam a22001457a 4500
008 210518b ||||| |||| 00| 0 eng d
020 _a9780072904437
041 _aeng
080 _28th
_a91
082 _a91
100 _a42
101 _aGJEO
245 _aPhysical Geology
_cPlaumer,Ch.C
942 _2udc
_cBK
999 _c57444
_d57444